My happy ending (Avril Lavigne) - lyrics - Statistics

General Stats
  • This quiz has been taken 78 times
  • The average score is 290 of 331
Answer Stats
Answer % Correct
ending
100%
for
100%
happy
100%
much
100%
my
100%
so
100%
So
100%
a
98%
I
98%
we
98%
We
98%
you
98%
You
98%
you?
98%
that
95%
the
95%
to
95%
we're
95%
were
95%
all
93%
All
93%
be
93%
Do
93%
do
93%
it
93%
me
93%
this
93%
everything
90%
It's
90%
lost
90%
pretending
90%
time
90%
wanted
90%
like
88%
of
88%
Was
88%
was
88%
And
86%
but
86%
But
86%
away
83%
could
83%
know
83%
meant
83%
said?
83%
supposed
83%
things
83%
thought
83%
did?
81%
Don't
81%
don't
81%
He
81%
in
81%
memories
81%
Oh
81%
oh
81%
something
81%
they
81%
They
81%
what
81%
your
81%
are
79%
I'm
79%
knew
79%
on
79%
over
79%
say
79%
not
76%
one
76%
shit
76%
there
76%
close
74%
dead
74%
even
74%
had
74%
just
74%
friends
71%
tell
71%
fade
69%
only
69%
dumb
67%
hanging
67%
Let's
67%
city
64%
from
64%
got
64%
leave
64%
Thanks
64%
difficult
62%
talk
62%
You've
62%
hide
60%
as
57%
acting
55%
fall
55%
nice
55%
up
55%
done
52%
feel
52%
high
52%
such
52%
watching
52%
cared
50%
thread
48%
Held
43%
making
43%
breakable
40%
letting
40%
No matching quizzes found
Score Distribution
Percent of People with Each Score
Percentile by Number Answered
Your Score History
You have not taken this quiz